ბათუმის შოთა რუსთაველის სახელმწიფო უნივერსიტეტის ბიბლიოთეკა

Alkaloids - Secrets of Life : (ბიბ.ჩანაწერი № 53651)

000 -LEADER
fixed length control field 01329nam a2200289Ia 4500
001 - CONTROL NUMBER
control field 20698
003 - CONTROL NUMBER IDENTIFIER
control field GE_BSU
005 - DATE AND TIME OF LATEST TRANSACTION
control field 20210305231422.0
008 - FIXED-LENGTH DATA ELEMENTS--GENERAL INFORMATION
fixed length control field 181216s2008||||xx |||||||||||||| ||eng||
020 ## - INTERNATIONAL STANDARD BOOK NUMBER
International Standard Book Number 9780444527363
040 ## - CATALOGING SOURCE
Transcribing agency GE_BSU
041 ## - LANGUAGE CODE
Language code of text/sound track or separate title eng
080 ## - UNIVERSAL DECIMAL CLASSIFICATION NUMBER
Universal Decimal Classification number 546+57 A-58
100 ## - MAIN ENTRY--PERSONAL NAME
Personal name Aniszewski, Tadeusz
9 (RLIN) 10351
245 ## - TITLE STATEMENT
Title Alkaloids - Secrets of Life :
Remainder of title Alkaloid Chemistry, Biological Significance, Applications and Ecological Role. /
Statement of responsibility, etc. Tadeusz Aniszewski.
264 ## - PRODUCTION, PUBLICATION, DISTRIBUTION, MANUFACTURE, AND COPYRIGHT NOTICE
Place of production, publication, distribution, manufacture Amsterdam :
Name of producer, publisher, distributor, manufacturer Elsevier,
Date of production, publication, distribution, manufacture, or copyright notice 2007.
300 ## - PHYSICAL DESCRIPTION
Extent 316 p. ;
Dimensions 25 cm.
653 ## - INDEX TERM--UNCONTROLLED
keyword Alkaloids - Secrets of Life
653 ## - INDEX TERM--UNCONTROLLED
keyword Alkaloid Chemistry, Biological Significance, Applications and Ecological Role
653 ## - INDEX TERM--UNCONTROLLED
keyword Алкалоиды - секреты жизни
653 ## - INDEX TERM--UNCONTROLLED
keyword Химия алькалоида, биологическое значение, применение и экологическая роль
653 ## - INDEX TERM--UNCONTROLLED
keyword ალკალოიდები - სიცოცხლის საიდუმლოებები
653 ## - INDEX TERM--UNCONTROLLED
keyword ალკალოიდური ქიმია, ბიოლოგიური მნიშვნელობა, აპლიკაციები და ეკოლოგიური როლი
653 ## - INDEX TERM--UNCONTROLLED
keyword ქიმია
942 ## - ADDED ENTRY ELEMENTS (KOHA)
Koha item type წიგნი
Source of classification or shelving scheme
ეგზემპლარები
Withdrawn status Lost status Source of classification or shelving scheme Damaged status Not for loan Permanent Location Current Location Shelving location Date acquired Cost, normal purchase price Full call number Barcode Date last seen Copy number Price effective from Koha item type Public note
          ბათუმის შოთა რუსთაველის სახელმწიფო უნივერსიტეტის მთავარი ბიბლიოთეკა ბათუმის შოთა რუსთაველის სახელმწიფო უნივერსიტეტის მთავარი ბიბლიოთეკა წიგნსაცავი 2018-12-17 808.00 546+57 A-58 53994 2018-12-17 53994 2018-12-17 წიგნი 808.00 GEL.